| 000 | 01716nam a2200361 a 4500 | ||
|---|---|---|---|
| 001 | vtls003239107 | ||
| 003 | MY-SjTCS | ||
| 005 | 20200226115434.0 | ||
| 006 | m u | ||
| 007 | cr cn||||||||| | ||
| 008 | 120829s2011 ne sb s001 0 eng d | ||
| 020 | _z9789042033672 | ||
| 035 | _a(OCoLC)754717185 | ||
| 035 | _a(CaPaEBR)ebr10490235 | ||
| 039 | 9 |
_y201208291110 _zwilmina |
|
| 040 |
_aCaPaEBR _cCaPaEBR |
||
| 050 | 1 | 4 |
_aPS374.B55 _bB653 2011eb |
| 100 | 1 | _aBolaki, Stella. | |
| 245 | 1 | 0 |
_aUnsettling the Bildungsroman _h[electronic resource] : _breading contemporary ethnic American women's fiction / _cStella Blaki. |
| 260 |
_aAmsterdam ; _aNew York, NY : _bRodopi, _c2011. |
||
| 300 | _a283 p. | ||
| 440 | 0 |
_aCritical approaches to ethnic American literature ; _vno. 4 |
|
| 504 | _aIncludes bibliographical references and index. | ||
| 533 |
_aElectronic reproduction. _bPalo Alto, Calif. : _cebrary, _d2011. _nAvailable via World Wide Web. _nAccess may be limited to ebrary affiliated libraries. |
||
| 650 | 0 |
_aBildungsromans, American _xWomen authors _y20th century _xHistory and criticism. |
|
| 650 | 0 |
_aBildungsromans, American _xMinority authors _y20th century _xHistory and criticism. |
|
| 650 | 0 |
_aAmerican fiction _y20th century _xWomen authors _xHistory and criticism. |
|
| 650 | 0 |
_aAmerican fiction _xMinority authors _y20th century _xHistory and criticism. |
|
| 650 | 0 |
_aWomen in literature _y20th century _xHistory and criticism. |
|
| 655 | 7 |
_aElectronic books. _2local |
|
| 710 | 2 |
_aebrary, Inc. _925628 |
|
| 856 | 4 | 0 |
_uhttps://ezproxy.taylors.edu.my/login?url=http://site.ebrary.com/lib/taylorscollege/Doc?id=10490235 _zAn electronic book accessible through the World Wide Web; click to view |
| 999 | _c148456 | ||